Apuntes para un estado del arte sobre televisión y familia
Wedi'i Gadw mewn:
| Prif Awdur: | |
|---|---|
| Fformat: | Texto |
| Pynciau: | |
| Tagiau: |
Ychwanegu Tag
Dim Tagiau, Byddwch y cyntaf i dagio'r cofnod hwn!
|
MARC
| LEADER | 00000 a a2200000 04500 | ||
|---|---|---|---|
| 001 | 3879 | ||
| 003 | |||
| 040 | |||
| 100 | |a Guadarrama Rico, Luis Alfonso | ||
| 245 | |a Apuntes para un estado del arte sobre televisión y familia | ||
| 650 | |a TELEVISION | ||
| 650 | |a FAMILIA | ||
| 650 | |a SECTOR PRIVADO | ||
| 650 | |a MEDIOS DE COMUNICACION DE MASAS | ||
| 650 | |a CONSUMO | ||
| 650 | |a EDUCACION | ||
| 650 | |a NIÑOS | ||
| 773 | |g volumen 4, número 14; páginas 199-242 | ||
| 999 | |c 38855 |d 38855 | ||
